Alfabeto Cirillico Russo Traslitterato - Statistics

Statistiche generali
  • Questo quiz è stato fatto 633 volte
    233 dall'ultimo reset
  • Il punteggio medio è 16 su 33
Statistiche sulle risposte
Russo Latino % Corretto
А а A a
99%
Б б B b
97%
Д д D d
85%
Г г G g
74%
В в V v
72%
О о O o
71%
М м M m
69%
Т т T t
68%
И и I i
67%
К к K k
66%
П п P p
64%
Р р R r
64%
Н н N n
61%
С с S s
60%
Л л L l
58%
У у U u
57%
Ф ф F f
56%
З з Z z
51%
Е е JE je
40%
Ж ж Ž ž
33%
Ё ё JO jo
32%
Ш ш Š š
32%
Ч ч Č č
31%
Й й J j
31%
Э э E e
28%
Х х H h
28%
Я я JA ja
22%
Ц ц C c
17%
Ю ю JU ju
17%
Щ щ ŠČ šč
17%
Ы ы Y y
8%
Ь ь ' (segno debole)
7%
Ъ ъ (vuoto)
7%
Nessun quiz corrispondente trovato
Distribuzione punteggi
Percentuale di utenti per punteggio
Percentile per numero di risposta
I tuoi punteggi nel tempo
Non hai fatto questo quiz dall'ultimo reset